000 00398nam a22001577a 4500
999 _c4183
_d4183
008 200724b ||||| |||| 00| 0 eng d
082 0 0 _a623.82
_bD646
100 _93427
_a Dodman, Frank E.
245 1 0 _aThe Observer's book of ships
_cby Frank E. Dodman
250 _a1st ed.
260 _aNew York
_bF. Warne
_c1951
300 _a150 p.
365 _d3.07
650 0 _aShip Building
942 _cBK